Online katalóg knižníc regiónu Turca

Mať volá : (Record no. 21201)

MARC details
000 -LEADER
fixed length control field 00713nam a2200217 a4500
001 - CONTROL NUMBER
control field 21201
003 - CONTROL NUMBER IDENTIFIER
control field CZ PrNK
005 - DATE AND TIME OF LATEST TRANSACTION
control field 20260224145109.0
007 - PHYSICAL DESCRIPTION FIXED FIELD--GENERAL INFORMATION
fixed length control field ta
008 - FIXED-LENGTH DATA ELEMENTS--GENERAL INFORMATION
fixed length control field 230725s1943 xo e 000 0 slo
020 ## - INTERNATIONAL STANDARD BOOK NUMBER
Qualifying information (Váz.)
040 ## - CATALOGING SOURCE
Original cataloging agency ABA001
Language of cataloging cze
100 1# - MAIN ENTRY--PERSONAL NAME
Personal name Kukučín, Martin,
Dates associated with a name 1860-1928
Relationship aut
245 10 - TITLE STATEMENT
Title Mať volá :
Remainder of title ohlasy z obce roztratených : román /
Statement of responsibility, etc. Martin Kukučín
260 ## - PUBLICATION, DISTRIBUTION, ETC.
Place of publication, distribution, etc. V Turčianskom Svätom Martine :
Name of publisher, distributor, etc. Matica slovenská,
Date of publication, distribution, etc. 1943
300 ## - PHYSICAL DESCRIPTION
Extent 5 sv. (247; 150; 199; 190; 298 s.) ;
Dimensions 19 cm
490 1# - SERIES STATEMENT
Series statement Sobrané spisy Martina Kukučína ;
Volume/sequential designation sv. 28-32
800 1# - SERIES ADDED ENTRY--PERSONAL NAME
Personal name Kukučín, Martin,
Dates associated with a name 1860-1928.
Title of a work Sobrané spisy (Matica Slovenská)
910 ## - USER-OPTION DATA (OCLC)
User-option data ABA001
942 ## - ADDED ENTRY ELEMENTS (KOHA)
Source of classification or shelving scheme Dewey Decimal Classification
Koha item type Krásna literatúra pre dospelých
Suppress in OPAC No
Holdings
Stav vyradenia Strata Poškodenie Spôsob nadobudnutia Domovská knižnica Aktuálna knižnica Dátum nadobudnutia Total checkouts Čiarový kód exemplára Date last seen Typ exemplára
      Dar Obecná knižnica Horná Štubňa Obecná knižnica Horná Štubňa 24.02.2026   4736201475 24.02.2026 Krásna literatúra pre dospelých
Projekt je podporený Slovenskou asociáciou knižníc
Prevádzkuje Turčianska knižnica Martin 2026